| 000 | 00000nam##2200000za#4500 |
| 001 | 9.695759 |
| 003 | CaOODSP |
| 005 | 20210624234724 |
| 007 | cr ||||||||||| |
| 008 | 150407|2001||||xxc|||||o f|0| 0 eng|d |
| 040 | |aCaOODSP|beng |
| 043 | |an-cn--- |
| 086 | 1 |aT22-106/2001E-PDF |
| 110 | 1 |aCanada. |bTransport Canada. |
| 245 | 10|aCreating a transportation blueprint for the next decade and beyond : |h[electronic resource]|bdefining the challenges |
| 260 | |aOttawa - Ontario : |bTransport Canada |cc2001. |
| 300 | |a17p. |
| 590 | |a12-14-Supp|b2012-04-10 |
| 690 | 07|aStrategic management|2gcpds |
| 690 | 07|aTransport policy|2gcpds |
| 775 | 08|tCréation d'un schéma d'orientation des transports pour la prochaine décennie et au-delà : |w(CaOODSP)9.639881 |
| 776 | 0#|tCreating a transportation blueprint for the next decade and beyond : |w(CaOODSP)9.662931 |
| 776 | 0#|tCréation d'un schéma d'orientation des transports pour la prochaine décennie et au delà : |w(CaOODSP)9.662932 |
| 856 | 40|ahttp://publications.gc.ca|qPDF|s449 KB|uhttps://publications.gc.ca/collections/Collection/T22-106-2001E.pdf |